El mercado de trabajo en el Gran La Plata durante los años noventa (Registro nro. 34642)

Detalles MARC
000 -LEADER
fixed length control field 00416 a2200121 4500
001 - CONTROL NUMBER
control field ART_45069
005 - DATE AND TIME OF LATEST TRANSACTION
control field 20260410162038.0
008 - FIXED-LENGTH DATA ELEMENTS--GENERAL INFORMATION
fixed length control field 260409a
100 1# - MAIN ENTRY--PERSONAL NAME
Personal name Eguía, Amalia
245 10 - TITLE STATEMENT
Title El mercado de trabajo en el Gran La Plata durante los años noventa
700 1# - ADDED ENTRY--PERSONAL NAME
Personal name Piovani, Juan Ignacio
773 0# - HOST ITEM ENTRY
Title Revista de estudios regionales y mercado de trabajo
Related parts - N° 3 (ene./dic. 2007)
Record control number REV44894

No hay ítems disponibles.